000 00437nam a2200169Ia 4500
008 131103s9999 xx 000 0 und d
040 _aLoreto College
041 _aEnglish
082 _aF/HAG
_bLCLIB/13655
100 _aHaggard,William
245 4 _aThe High wire
_cWilliam Haggard
260 _aHarmondsworth
_bPenguin Books
_c1963
300 _a189 p.
_c 18 cm.
650 _aFiction in English
850 _aLCLIB
942 _cBK
999 _c14622
_d65101